000 00791nam a22002177a 4500
003 UA-OsUOA
001 114232
007 ta
008 20151026b un ||||| |||| 00| 0 ukr d
100 _aЛесик О.
090 _a82
_bЛ50
942 _cSA
040 _aUA-OsUOA
_bukr
_cUA-OsUOA
_dUA-OsUOA
245 _aГригорій Сковорода. Життя і творчість поета. "Сад божественних пісень", "З вершин і низин". Концепція поступу людства
300 _aС.64-67
955 _a0
041 _aukr
080 _a82
773 0 _w114231
_tУкраїнська мова та література
_dК.
_d2015
_g18
650 7 _a82 Література. Літературознавство
_2UDC
999 _c400374
_d400374